Statistics for Senju Clan Quiz (Naruto)

Click here to take the quiz!

General Stats

  • This quiz has been taken 70 times
  • The average score is 4 of 8

Answer Stats

HintAnswer% Correct
first hokageHashirama Senju
100%
first Hokages Brother (second Hokage)Tobirama Senju
100%
hashirama's brotherİtama senju
36%
Tobirama's twin brotherKawarama Senju
32%
Clan leaderButsuma Senju
28%
hashirama's brotherNawaki Senju
23%
Only Female in Senju clanToka Senju
17%
fifth Hokage (hashirama's grand daughterTsundade Senju
15%

Score Distribution

Percentile by Number Answered

Percent of People with Each Score

Your Score History

You have not taken this quiz